000 00476nam a2200181Ia 4500
001 8858
005 20260306160641.0
008 260306t2013||||xx |||||||||||||| ||spa||
041 _aESP
082 _a371.782
_bB25A
100 _aBarri Vitero, Ferran
_eAUT
245 0 _aAcoso escolar o bullying:
_bguía imprescindible de prevención e intervención
260 _c2013
300 _a262 páginas :
_c23 cm.
650 _aGEN
654 _aCED
942 _cLIB
_dJUS
_fJUS
_2ddc
_n
999 _c8858
_d8858